Southville International School and Colleges
Your cart is empty.
  • Cart
  • Lists
    Public lists Eva Luna New books Lux_list list_1
    Your lists Log in to create your own lists
  • Log in to your account
  • Your cookies
  • Search history
Southville International School and Colleges
  • Advanced search
  • Recent comments
  • Most popular
  • Libraries

Log in to your account

Log in with GOOGLE


If you do not have an external account, but do have a local account, you can still log in:

  1. Home
  2. MARC view: The infographic guide to grammar /
Normal view MARC view ISBD view

The infographic guide to grammar / (Record no. 368331)

[ view plain ]
MARC details
000 -LEADER
fixed length control field 00823nam a22002177a 4500
003 - CONTROL NUMBER IDENTIFIER
control field 0
005 - DATE AND TIME OF LATEST TRANSACTION
control field 20251022160740.0
008 - FIXED-LENGTH DATA ELEMENTS--GENERAL INFORMATION
fixed length control field 251022b xxu||||| |||| 00| 0 eng d
020 ## - INTERNATIONAL STANDARD BOOK NUMBER
International Standard Book Number 978-1-5072-1238-7
050 ## - LIBRARY OF CONGRESS CALL NUMBER
Classification number PE 1112
Item number .K47 2020
100 ## - MAIN ENTRY--PERSONAL NAME
Personal name Kern, Jara,
Relator term author.
245 ## - TITLE STATEMENT
Title The infographic guide to grammar /
Statement of responsibility, etc Jara Kern.
260 ## - PUBLICATION, DISTRIBUTION, ETC. (IMPRINT)
Place of publication, distribution, etc New York :
Name of publisher, distributor, etc Adams Media, an imprint of Simon & Schuster, Inc.,
Date of publication, distribution, etc 2020.
300 ## - PHYSICAL DESCRIPTION
Extent 127 pages :
Other physical details color illustrations ;
Dimensions 23 cm.
500 ## - GENERAL NOTE
General note Includes index.
520 ## - SUMMARY, ETC.
Summary, etc Provides an illustrated and accessible guide to grammar rules, parts of speech, punctuation, and common writing errors.
650 ## - SUBJECT ADDED ENTRY--TOPICAL TERM
Topical term or geographic name as entry element English language
General subdivision Grammar
Form subdivision Charts, diagrams, etc.
650 ## - SUBJECT ADDED ENTRY--TOPICAL TERM
Topical term or geographic name as entry element English language
General subdivision Grammar
-- Handbooks, manuals, etc.
650 ## - SUBJECT ADDED ENTRY--TOPICAL TERM
Topical term or geographic name as entry element Infographics.
942 ## - ADDED ENTRY ELEMENTS (KOHA)
Source of classification or shelving scheme Library of Congress Classification
Koha item type Books
Holdings
Withdrawn status Lost status Source of classification or shelving scheme Damaged status Home library Current library Shelving location Date acquired Source of acquisition Sub Shelving location Total Checkouts Full call number Barcode Date last seen Date checked out Price effective from Koha item type
    Library of Congress Classification   Luxembourg Library Luxembourg Library Teachers Reference Section 11/19/2024 Library Fund   1 PE 1112 .K47 2020 21357 10/23/2025 10/23/2025 10/22/2025 Books

The infographic guide to grammar /

APA

Kern J., . (2020). The infographic guide to grammar. New York: Adams Media, an imprint of Simon & Schuster, Inc.

Chicago

Kern Jara, . 2020. The infographic guide to grammar. New York: Adams Media, an imprint of Simon & Schuster, Inc.

Harvard

Kern J., . (2020). The infographic guide to grammar. New York: Adams Media, an imprint of Simon & Schuster, Inc.

MLA

Kern Jara, . The infographic guide to grammar. New York: Adams Media, an imprint of Simon & Schuster, Inc. 2020.

  • Place hold
  • Print
  • Cite
  • Add to your cart (remove)
  • Save record
    BIBTEX Dublin Core MARCXML MARC (non-Unicode/MARC-8) MARC (Unicode/UTF-8) MARC (Unicode/UTF-8, Standard) MODS (XML) RIS
  • More searches
    Search for this title in:
    Other Libraries (WorldCat) Other Databases (Google Scholar) Online Stores (Bookfinder.com) Open Library (openlibrary.org)

Exporting to Dublin Core...

SOUTHVILLE LIBRARY

Southville International School and Colleges Library

1281 Tropical Ave. Cor. Luxembourg St., BF Homes International, Las Pinas City

Tel. No. 8256374 / 252358 Loc. 117/146

Powered by Koha